000 00404nam a22001337a 4500
020 _a0780360443
040 _cNUST
082 _a621.3827
_bKRA
100 _aKartalopoulos ,Stamatios .V
_955545
245 _aFault Detectability in Dwdm:
_bToward Higher Signal Quality & System Reliability
260 _aNew York:
_bIEEE Press,
_c2001.
650 _aFault Detectability in Dwdm
_9123410
942 _2ddc
_cBK
999 _c609611
_d609611